Erythromycin-loaded polymeric micelles in situ gel development, in vitro and ex vivo ocular investigations /

Elmentve itt :
Bibliográfiai részletek
Szerzők: Sipos Bence
Budai-Szűcs Mária
Kókai Dávid
Orosz László
Burián Katalin
Csorba Anita
Nagy Zoltán Zsolt
Balogh György Tibor
Pannonhalminé Csóka Ildikó
Katona Gábor
Dokumentumtípus: Cikk
Megjelent: 2022
Sorozat:EUROPEAN JOURNAL OF PHARMACEUTICS AND BIOPHARMACEUTICS 180
Tárgyszavak:
doi:10.1016/j.ejpb.2022.09.023

mtmt:33120593
Online Access:http://publicatio.bibl.u-szeged.hu/25285
LEADER 01141nab a2200313 i 4500
001 publ25285
005 20221006142111.0
008 221006s2022 hu o 0|| Angol d
022 |a 0939-6411 
024 7 |a 10.1016/j.ejpb.2022.09.023  |2 doi 
024 7 |a 33120593  |2 mtmt 
040 |a SZTE Publicatio Repozitórium  |b hun 
041 |a Angol 
100 1 |a Sipos Bence 
245 1 0 |a Erythromycin-loaded polymeric micelles  |h [elektronikus dokumentum] :  |b in situ gel development, in vitro and ex vivo ocular investigations /  |c  Sipos Bence 
260 |c 2022 
300 |a 81-90 
490 0 |a EUROPEAN JOURNAL OF PHARMACEUTICS AND BIOPHARMACEUTICS  |v 180 
650 4 |a Általános orvostudomány 
700 0 2 |a Budai-Szűcs Mária  |e aut 
700 0 2 |a Kókai Dávid  |e aut 
700 0 2 |a Orosz László  |e aut 
700 0 2 |a Burián Katalin  |e aut 
700 0 2 |a Csorba Anita  |e aut 
700 0 2 |a Nagy Zoltán Zsolt  |e aut 
700 0 2 |a Balogh György Tibor  |e aut 
700 0 2 |a Pannonhalminé Csóka Ildikó  |e aut 
700 0 2 |a Katona Gábor  |e aut 
856 4 0 |u http://publicatio.bibl.u-szeged.hu/25285/1/Orosz_1-s2.0-S0939641122002181-main.pdf  |z Dokumentum-elérés